UBT Library

Successful coaching / (Record no. 42194)

000 -LEADER
fixed length control field 00696cam a2200241 a 4500
001 - CONTROL NUMBER
control field 13415804
005 - DATE AND TIME OF LATEST TRANSACTION
control field 20180208095124.0
008 - FIXED-LENGTH DATA ELEMENTS--GENERAL INFORMATION
fixed length control field 031125s2004 ilua b 001 0 eng
010 ## - LIBRARY OF CONGRESS CONTROL NUMBER
LC control number 2003025833
020 ## - INTERNATIONAL STANDARD BOOK NUMBER
International Standard Book Number 0736040129 (soft cover)
040 ## - CATALOGING SOURCE
Original cataloging agency DLC
Transcribing agency DLC
Modifying agency DLC
041 ## - LANGUAGE CODE
Language code of text/sound track or separate title eng
043 ## - GEOGRAPHIC AREA CODE
Geographic area code n-us---
080 ## - UNIVERSAL DECIMAL CLASSIFICATION NUMBER
Universal Decimal Classification number 796.071273 RAN
082 00 - DEWEY DECIMAL CLASSIFICATION NUMBER
Classification number 796.071273 RAN
Edition number 22
100 1# - Rafti
Rafti 45
101 ## - Shkurtesa
Shkurtesa EDU
245 10 - TITLE STATEMENT
Title Successful coaching /
Statement of responsibility, etc Rainer Martens.
504 ## - BIBLIOGRAPHY, ETC. NOTE
Bibliography, etc Includes bibliographical references and index.
906 ## - LOCAL DATA ELEMENT F, LDF (RLIN)
a 7
b cbc
c orignew
d 1
e ecip
f 20
g y-gencatlg
942 ## - ADDED ENTRY ELEMENTS (KOHA)
Source of classification or shelving scheme
Item type Books
Holdings
Withdrawn status Lost status Source of classification or shelving scheme Damaged status Not for loan Collection code Permanent location Current location Shelving location Date acquired Total Checkouts Full call number Barcode Date last seen Price effective from Koha item type
          Koleksioni i përgjithshem UBT - Lipjan UBT - Lipjan Koleksioni i përgjithshem 02/08/2018   796.071273 RAN 002-2998819 02/08/2018 02/08/2018 Books
UBT Library © 2015-2024. All rights reserved University Education for Business and Technology